| 000 | 00528nam a2200169Ia 4500 | ||
|---|---|---|---|
| 005 | 20250508153946.0 | ||
| 008 | 008 250505s9999 xx 000 0 eng d | ||
| 037 | _aBooks to be hide in OPAC | ||
| 040 |
_aFEDL _beng _cFEDL |
||
| 041 |
_aeng _2eng |
||
| 084 |
_a371.6, UNI/O _qFEDL |
||
| 245 | 0 | _aReport of the status phase of the school facilities survey | |
| 260 |
_aWashington, USA _bU.S. Government Printing Office _c1953 |
||
| 300 | _aviii,140p. | ||
| 942 |
_cHB _h371.6, UNI/O |
||
| 999 |
_c1346612 _d1346612 |
||